Mammal...? - Sudden Death - Statistics

General Stats
  • This quiz has been taken 79 times
  • The average score is 12 of 15
Answers on the Grid
Answers color-coded by a green-red scale on the quiz's grid according to % correct below.
Human
Lion
Dog
Earthworm
Salmon
Platypus
Bee
Orca
Bat
Bear
Shrimp
Lobster
Hummingbird
Hippopotamus
Starfish
Narwhal
Frog
Tuna
Hamster
Camel
Crocodile
Beaver
Sloth
Slug
Gorilla
Snake
Salamander
Blue Whale
Squid
Sea Urchin
 
Answer Stats
Answer % Correct
Human
90%
Bear
87%
Dog
87%
Lion
85%
Camel
77%
Hamster
77%
Hippopotamus
77%
Platypus
77%
Gorilla
75%
Orca
75%
Sloth
75%
Blue Whale
74%
Beaver
72%
Bat
69%
Narwhal
64%
No matching quizzes found
Score Distribution
Percent of People with Each Score
Percentile by Number Answered
Your Score History
You have not taken this quiz